Library Banner

The bengali muslim (Record no. 75001)

MARC details
000 -LEADER
fixed length control field 00435nam a22001457a 4500
005 - DATE AND TIME OF LATEST TRANSACTION
control field 20150826105752.0
008 - FIXED-LENGTH DATA ELEMENTS--GENERAL INFORMATION
fixed length control field 150826b xxu||||| |||| 00| 0 eng d
040 ## - CATALOGING SOURCE
Transcribing agency PK-LaUMT
082 ## - DEWEY DECIMAL CLASSIFICATION NUMBER
Classification number KHC 305.697105414
Item number MOH-B
100 ## - MAIN ENTRY--PERSONAL NAME
Personal name Mohsin Ali
245 ## - TITLE STATEMENT
Title The bengali muslim
Remainder of title plight before freedom progress after freedom peril to freedom
Statement of responsibility, etc Mohsin Ali
260 ## - PUBLICATION, DISTRIBUTION, ETC. (IMPRINT)
Place of publication, distribution, etc Karachi
Name of publisher, distributor, etc Pakistan publications
Date of publication, distribution, etc 1971
300 ## - PHYSICAL DESCRIPTION
Extent 104 p.
942 ## - ADDED ENTRY ELEMENTS (KOHA)
Koha item type Books
Holdings
Withdrawn status Lost status Damaged status Home library Current library Date acquired Full call number Barcode Date last seen Price effective from Koha item type
      UMT Main Campus UMT Main Campus 2015-08-26 KHC 305.697105414 MOH-B 69304 2015-08-26 2015-08-26 Books